000 01393nam0a22002771 4500
001 rc\4868800
005 20260406183206.0
021 _aRU
_b[63-45025]
035 _a(NLR Aleph) 008909389
090 _a8753799
_c8753799
100 _a20130426d1963 |||y0rusy50 ca
101 0 _arus
102 _aRU
105 _ay z |||||
200 1 _aТезисы докладов
_fИн-т эксперим. медицины АМН СССР. Центр. науч.-исслед. рентгенорадиол. ин-т МЗ СССР. Науч. конференция по проблеме "Восстановительные и компенсаторные процессы при лучевой болезни". 5-10 июня 1963 г.
210 _aЛенинград
_cБ. и.
_d1963
215 _a112 с.
_d20
606 _aВосстановление функций организма
_jТезисы докладов
_2psbo
606 _aЛучевая болезнь
_jТезисы докладов
_2psbo
710 1 2 _aНаучная конференция по проблеме "Восстановительные и компенсаторные процессы при лучевой болезни"
_f1963
_eЛенинград
_3RU\NLR\AUTH\88057747
_9392197
801 0 _aRU
_bNLR
_gpsbo
801 1 _aRU
_bELAR
_2rusmarc
852 _aNLR
_j63-3/3446
942 _cBOOK
980 _aNB